Central Library OPAC University of Rajshahi

The control of inflation / (Record no. 4103)

MARC details
000 -LEADER
fixed length control field 00607cam a22002291a 4500
001 - CONTROL NUMBER
control field 4103
003 - CONTROL NUMBER IDENTIFIER
rucl marc code BD-RjUL
005 - DATE AND TIME OF LATEST TRANSACTION
control field 20211208233831.0
008 - FIXED-LENGTH DATA ELEMENTS--GENERAL INFORMATION
fixed length control field 851211s1958 enk 0 eng d
035 ## - SYSTEM CONTROL NUMBER
System control number (BD-RjUL)4137
System control number (BD-RjUL)
040 ## - CATALOGING SOURCE
Original cataloging agency NUN
Language of cataloging eng
Transcribing agency NUN
041 ## - LANGUAGE CODE
Language code of text/sound track or separate title eng
082 04 - DEWEY DECIMAL CLASSIFICATION NUMBER
Classification number 332.41
Edition number 16
Author mark and year MEC 1958
100 1# - MAIN ENTRY--PERSONAL NAME
Personal name Meade, J. E.
Fuller form of name (James Edward),
Dates associated with a name 1907-1995.
9 (RLIN) 6416
245 14 - TITLE STATEMENT
Title The control of inflation /
Statement of responsibility, etc. J. E. Meade,
260 ## - PUBLICATION, DISTRIBUTION, ETC. (IMPRINT)
Place of publication, distribution, etc. Camb. :
Name of publisher, distributor, etc. Camb. U.P.,
Date of publication, distribution, etc. 1958.
300 ## - PHYSICAL DESCRIPTION
Pagination 52 p. ;
Size 18 cm.
526 ## - STUDY PROGRAM INFORMATION NOTE
Requested Dept. Sociology
650 #0 - SUBJECT ADDED ENTRY--TOPICAL TERM
Topical term or geographic name as entry element Inflation (Finance)
9 (RLIN) 13030
942 ## - ADDED ENTRY ELEMENTS (KOHA)
Source of classification or shelving scheme Dewey Decimal Classification
Koha item type Books
Holdings
Lost status Source of classification or shelving scheme Damaged status Not for loan Collection code Permanent Location Current Location Shelving location Date acquired Source of acquisition Cost, normal purchase price Total Checkouts Full call number Date last seen Copy number Koha item type
  Dewey Decimal Classification     Non-fiction Central Library, University of Rajshahi Central Library, University of Rajshahi   22/10/1962 Zeitlinger 5.00   332.41 MEC 1958 21/12/2013 C-2 Books
  Dewey Decimal Classification     Non-fiction Central Library, University of Rajshahi Central Library, University of Rajshahi   22/10/1962 Zeithinger 5.00   332.41 MEC 1958 26/06/2016 C-3 Books